000 02274nam a22002897a 4500
003 OSt
005 20260423112328.0
008 260423b |||||||| |||| 00| 0 eng d
020 _a9789587672527
037 _bDonación
040 _aCO-JMCR
_bspa
_cCO-JMCR
_dCO-JMCR
_erda
041 _aspa
082 0 4 _a363.11
_bC88r
100 1 _aCortés González, Juan Carlos
_eautor
_923641
245 1 0 _aRégimen de los riesgos laborales y de la seguridad y salud en el trabajo :
_bComentarios y desarrollo de la ley 1562 de 2012 /
_cJuan Carlos Cortés González
250 _aSegunda
264 _aBogotá :
_bLegis
_c2015
300 _a479 páginas :
_bIlustraciones, gráficos ;
_c24 cm.
500 _aIncluye biografía
504 _aBibliografía : página 479
505 2 _aAntecedentes sobre los riesgos del trabajo -- Régimen de riesgos laborales en Colombia -- Integración normativa del sistema de riesgos laborales en Colombia -- Antecedentes de la Ley 1562 de 2012 -- Ley 1562 de 2012 : reforma al régimen de riesgos del trabajo -- Análisis y comentarios sobre el articulado de la Ley 1562 de 2012 -- Principales desarrollos de la Ley 1562 de 2012
520 3 _aLa Ley 1562 de 2012 introdujo los criterios para su actualización y desde entonces se ha desarrollado un esfuerzo reglamentario para su puesta en funcionamiento. Todos los empleadores tienen a su cargo la implementación del sistema de gestión de la seguridad y salud en el trabajo, al mismo tiempo que se incorporan como afiliados obligatorios a la protección en riesgos laborales los contratistas y los independientes que realizan actividades de alto riesgo. Conocer los antecedentes y alcances del nuevo régimen es fundamental tanto para especialistas, actores y encargados del sector, como para todos los trabajadores, empleadores y contratantes en el país, pues de su correcta aplicación dependerá el cumplimiento de los nuevos estándares legales, el logro de mayor eficiencia empresarial y el respeto de los derechos de los trabajadores.
650 7 _aSeguridad social
_xLegislación
_zColombia
_2JMCR
_97810
650 7 _aRiesgos profesionales
_xLegislación
_zColombia
_2JMCR
_944627
650 7 _aSeguridad industrial
_xLegislación
_zColombia
_2JMCR
_944628
942 _2ddc
_cBK
999 _c31179
_d17563